000 00663nam a2200265Ia 4500
001 Para_1983
003 CHAP
008 220125s1982 xx 000 0 und d
010 _a200578
040 _cCHAP
082 _aPA 589.222 P3
100 _aPacioni, Giovanni
_984615
245 _aGuía de hongos /
_c por Giovanni Pacioni
260 _aBarcelona :
_b Grijalvo
300 _a523 p.
650 _aHongos comestibles
_956124
650 _aSetas
_9105368
901 _aPA 589.222 P3
902 _aA
905 _a0000001982 a 0000000000 00
910 _a1982
942 _cPARA
942 _cPARA
_d1
999 _c200578
_d200578